000 00676nam a2200241Ia 4500
003 OSt
005 20220924132118.0
006 a|||||r|||| 00| 0
007 ta
008 220923b |||||||| |||| 00| 0 san d
024 _a13395
037 _cTextual
040 _aARTS
_cARTS
_bsan
041 _2san
_asan
082 _a/\2:864, 15G5
100 _aKamalakara Bhatta
245 0 _aSiddhanta tattva viveka with sesha vasana author own comm ed by Muralidhar Jha
260 _c1935
490 _aBenares sanskrit series; 1,2,3,6 and 14
650 _aSPIRurdALISM
942 _h/\2:864, 15G5
_cTEXL
_2CC
999 _c429290
_d429290